000 00551cam a2200169 a 4500
001 000011396
005 20200929162436.0
008 820908s1981 pr 000 p spa
040 _aDO-SdBNP
_bspa
_cBNPHU
082 _aPR861.44
_bR586
100 1 _aRios Colon, Luis
_927016
245 1 0 _aBuscando un puerto :
_bPoemas y un trabajo en prosa /
_cLuis Ríos Colón.
260 _aCarolina (Puerto Rico) :
_bRaices,
_c1981.
300 _a120 p. ;
_c19 cm.
650 4 _aPoesía puertorriqueña
_91015
650 4 _aLiteratura puertorriqueña
_ySIGLO XX
_95311
999 _c11103
_d11103